000 01185cam a2200289 a 4500
999 _c21553
_d21553
001 13056572
005 20170121151750.0
008 030114s2004 mauab b 001 0 eng
010 _a 2003040380
020 _a0205389287
040 _aDLC
_cDLC
_dDLC
043 _an-us---
050 0 0 _aLB1775.2
_b.M32 2004
100 1 _aMcNergney, Robert F.
245 1 0 _aFoundations of education :
_bthe challenge of professional practice /
_cRobert F. McNergney, Joanne M. McNergney.
250 _a4th ed.
260 _aBoston, Mass. :
_bAllyn and Bacon,
_cc2004.
300 _a1 v. (various pagings) :
_bill. (some col.), maps ;
_c29 cm.
500 _a"Includes new praxis guide"--Cover.
504 _aIncludes bibliographical references (p. [407]-422) and indexes.
650 0 _aTeaching
_xVocational guidance
_zUnited States.
650 0 _aEducation
_zUnited States.
700 1 _aMcNergney, Joanne M.
942 _2lcc
_cBOOKS
_hLB1775.2 .M32 2004